Amelia Earhart : (Record no. 2313)

MARC details
000 -LEADER
fixed length control field 01106cam a22003254a 4500
001 - CONTROL NUMBER
control field 2313
003 - CONTROL NUMBER IDENTIFIER
control field FISKH
005 - DATE AND TIME OF LATEST TRANSACTION
control field 20231116080940.0
008 - FIXED-LENGTH DATA ELEMENTS--GENERAL INFORMATION
fixed length control field 060830r20061983nyua j 001 0beng
010 ## - LIBRARY OF CONGRESS CONTROL NUMBER
LC control number 2006281806
020 ## - INTERNATIONAL STANDARD BOOK NUMBER
International Standard Book Number 0439660416 (pbk.)
020 ## - INTERNATIONAL STANDARD BOOK NUMBER
International Standard Book Number 9780439660419
040 ## - CATALOGING SOURCE
Original cataloging agency DLC
Transcribing agency DLC
Modifying agency DLC
Language of cataloging eng
050 00 - LIBRARY OF CONGRESS CALL NUMBER
Classification number TL540.E3
Item number S23 2006
082 00 - DEWEY DECIMAL CLASSIFICATION NUMBER
Classification number 629.13092
-- B
Edition number 22
100 1# - MAIN ENTRY--PERSONAL NAME
Personal name Sabin, Francene.
245 10 - TITLE STATEMENT
Title Amelia Earhart :
Remainder of title adventure in the sky /
Statement of responsibility, etc. by Francene Sabin and Joanne Mattern ; illustrated by Karen Milone.
260 ## - PUBLICATION, DISTRIBUTION, ETC.
Place of publication, distribution, etc. New York :
Name of publisher, distributor, etc. Scholastic,
Date of publication, distribution, etc. 2006.
300 ## - PHYSICAL DESCRIPTION
Extent 50 pages :
Other physical details illustrations ;
Dimensions 20 cm
505 ## - FORMATTED CONTENTS NOTE
Formatted contents note U<br/>
520 ## - SUMMARY, ETC.
Summary, etc. A biography of an aviation pioneer, emphasizing her childhood.<br/>
521 8# - TARGET AUDIENCE NOTE
Target audience note 820<br/>
Source Lexile<br/>
521 8# - TARGET AUDIENCE NOTE
Target audience note U<br/>
Source Raz-Plus<br/>
600 10 - SUBJECT ADDED ENTRY--PERSONAL NAME
Personal name Earhart, Amelia,
Dates associated with a name 1897-1937
Form subdivision Juvenile literature.
650 #0 - SUBJECT ADDED ENTRY--TOPICAL TERM
Topical term or geographic name entry element Air pilots
Geographic subdivision United States
Form subdivision Biography
-- Juvenile literature.
700 1# - ADDED ENTRY--PERSONAL NAME
Personal name Mattern, Joanne,
Dates associated with a name 1963-
Relator term Author
700 1# - ADDED ENTRY--PERSONAL NAME
Personal name Milone, Karen
Relator term illustrations
906 ## - LOCAL DATA ELEMENT F, LDF (RLIN)
a 7
b cbc
c orignew
d 2
e ncip
f 20
g y-gencatlg
942 ## - ADDED ENTRY ELEMENTS (KOHA)
Source of classification or shelving scheme Dewey Decimal Classification
Koha item type Books
Suppress in OPAC No
Holdings
Withdrawn status Lost status Source of classification or shelving scheme Damaged status Not for loan Collection Home library Current library Shelving location Date acquired Total Checkouts Full call number Barcode Date last seen Price effective from Koha item type
    Dewey Decimal Classification     Fiction Footprints International School Library Network Toul Kork Campus Footprints International School Library Network Toul Kork Campus A TK Campus, 4th Floor, Room B401, Fiction Bookcases (1-6) 11/16/2023   SAB 629.130924 TL540.E3 FISTK00631 11/16/2023 11/16/2023 Books